Sabrina Carpenter - Paroles House Tour - Statistiques

Statistiques générales
  • Ce quiz a été pris 170 fois
    168 depuis la dernière actualisation
  • Le résultat moyen est 229 sur 268
Statistiques - réponses
Hint Réponse % Correct
Couplet 2 (Haha)
100%
(Oh)
100%
Break | Outro Oh
100%
oh
100%
um,
100%
(Woo)
100%
you
100%
You
100%
I
99%
Co
98%
house
98%
Post-refrain House
98%
Intro Take
98%
take
98%
the
98%
The
98%
the)
98%
to
98%
(To
98%
your
98%
a
97%
(Ah)
97%
first,
97%
floor
97%
of
97%
second,
97%
Refrain Do
96%
me,
96%
me
96%
third
96%
tour?
96%
tour
96%
want
96%
is
94%
in
93%
and
92%
And
92%
come
92%
(come
92%
could
92%
for
92%
this
92%
inside
91%
inside)
91%
my
90%
Bridge My
90%
really
90%
so
90%
So,
90%
baby,
89%
Baby,
89%
just
89%
metaphor
88%
promise
88%
time
88%
can
87%
off
87%
shoes
87%
yours
87%
what?
86%
be
85%
but
85%
But
85%
mine
85%
now
85%
had
84%
none
84%
what's
84%
dinner,
83%
it
83%
on
83%
on,
83%
some
83%
Some
83%
Avenue
82%
comfy,
82%
comfy
82%
great
82%
if
82%
it's
82%
Couplet 1 Thank
82%
have
81%
was
81%
Pretty
80%
couch
79%
dreams
79%
Girl
79%
love
79%
true
79%
especially
78%
proud
77%
where
77%
back
76%
built
76%
Chips
76%
conversation
76%
I'm
76%
place
76%
door
75%
you’re
75%
favorite
74%
hungry,
74%
hungry
74%
say
74%
design
73%
kind
73%
too
73%
(We
73%
We
73%
or
71%
Yeah,
71%
coming
70%
are
69%
enter
69%
never
69%
that
69%
pineapple
68%
little
66%
car
61%
guide
60%
self
60%
Ahoy
59%
loved
58%
don't
57%
fortune
57%
need
57%
Well,
57%
spent
56%
through
56%
air
55%
drives
55%
’cause
51%
lights)
51%
waxed
51%
floors
50%
Got
50%
hot
50%
freshener
46%
reckless
45%
bae,
41%
dim
39%
insured
37%
pleasured
24%
let
23%
outside,
20%
outside
20%
will
16%
Aucun quiz correspondant
Distribution des résultats
% des personnes avec chaque résultat
Percentile par nombre de réponses
Votre historique - résultats
Vous n’avez pas pris ce quiz depuis la dernière actualisation